000 01140nam a22003017a 4500
005 20240212165824.0
010 _aENG-139216 ENG-139217 ENG-139218
020 _c1600.00
_a9789354499425,9789354499586,9789354499661(Set of 2 Vol and Lab Manual)
035 _aEN-122748
035 _aEN-122749
035 _aEN-122750
037 _bDBAD/PUB
082 _a530
_21
100 _aNaseem, Farheena
_961979
245 _aExpanded Universal Science Physics:
_bA Complete Learning Solution Grade 12/
_cBy Farheena Naseem...[et.al]
250 _a1
260 _aUttar Pradesh
_bPearson India Education Pvt Ltd
_c2022
270 _bUttar Pradesh
_a15th FLoor, Tower-B, World Trade Tower, Plot No.1, Block- C, Sector-16, Noida
_e201301
300 _avpp.
_c25cm(pb)
_bIndex
300 _a211p.
_c23cm(pb)
_bIndex
490 _vVol 1 Vol 2 and Lab Manual
500 _aSet Of 2 Volumes and Lab Manual
700 _aKhanna, Rumpa
_eAuthor
_961972
700 _aFangaria, Smita
_eAuthor
_961973
700 _aJoshi, Suneeta
_eAuthor
_961974
700 _aChaudhary, Vishal
_eAuthor
_961975
942 _2ddc
_cEN
_h530
_mNAS
_e1
999 _c200690
_d200690